<?xml version="1.0" encoding="UTF-8"?>
<record
    xmlns:xsi="http://www.w3.org/2001/XMLSchema-instance"
    xsi:schemaLocation="http://www.loc.gov/MARC21/slim http://www.loc.gov/standards/marcxml/schema/MARC21slim.xsd"
    xmlns="http://www.loc.gov/MARC21/slim">

  <leader>00637nam a2200229Ia 4500</leader>
  <controlfield tag="005">20230414124106.0</controlfield>
  <controlfield tag="008">230125s9999    xx            000 0 und d</controlfield>
  <datafield tag="020" ind1=" " ind2=" ">
    <subfield code="a">9789352806171</subfield>
  </datafield>
  <datafield tag="041" ind1=" " ind2=" ">
    <subfield code="a">eng</subfield>
  </datafield>
  <datafield tag="082" ind1=" " ind2=" ">
    <subfield code="a">658.018</subfield>
    <subfield code="b">KUM</subfield>
  </datafield>
  <datafield tag="100" ind1=" " ind2=" ">
    <subfield code="a">Kumar M</subfield>
    <subfield code="9">108085</subfield>
  </datafield>
  <datafield tag="245" ind1=" " ind2=" ">
    <subfield code="a">Positioning Research : Shiffing Paradigms , Interdisciplinarity and Indigeneity</subfield>
  </datafield>
  <datafield tag="250" ind1=" " ind2=" ">
    <subfield code="a">1st Ed.</subfield>
  </datafield>
  <datafield tag="260" ind1=" " ind2=" ">
    <subfield code="c">2018</subfield>
    <subfield code="b">Sage publication</subfield>
    <subfield code="a">New Delhi</subfield>
  </datafield>
  <datafield tag="300" ind1=" " ind2=" ">
    <subfield code="a">296p</subfield>
  </datafield>
  <datafield tag="500" ind1=" " ind2=" ">
    <subfield code="a">Research methodology
</subfield>
  </datafield>
  <datafield tag="650" ind1=" " ind2=" ">
    <subfield code="a">Research methodology</subfield>
  </datafield>
  <datafield tag="700" ind1=" " ind2=" ">
    <subfield code="a">Kumar M &amp; Pattanayak S</subfield>
    <subfield code="9">118127</subfield>
  </datafield>
  <datafield tag="906" ind1=" " ind2=" ">
    <subfield code="b">166.6</subfield>
  </datafield>
  <datafield tag="942" ind1=" " ind2=" ">
    <subfield code="c">BK</subfield>
  </datafield>
  <datafield tag="999" ind1=" " ind2=" ">
    <subfield code="c">96111</subfield>
    <subfield code="d">96111</subfield>
  </datafield>
  <datafield tag="952" ind1=" " ind2=" ">
    <subfield code="0">0</subfield>
    <subfield code="1">0</subfield>
    <subfield code="4">0</subfield>
    <subfield code="7">0</subfield>
    <subfield code="a">HIMR</subfield>
    <subfield code="b">HIMR</subfield>
    <subfield code="d">2019-12-17</subfield>
    <subfield code="e">Forward Books</subfield>
    <subfield code="g">595.00</subfield>
    <subfield code="i">11147</subfield>
    <subfield code="l">0</subfield>
    <subfield code="o">658.018 KUM B19078</subfield>
    <subfield code="p">HIMR-BK-19078</subfield>
    <subfield code="r">2023-01-25 00:00:00</subfield>
    <subfield code="v">428.40</subfield>
    <subfield code="w">2019-12-10</subfield>
    <subfield code="y">BK</subfield>
    <subfield code="z">B19078</subfield>
  </datafield>
  <datafield tag="952" ind1=" " ind2=" ">
    <subfield code="0">0</subfield>
    <subfield code="1">0</subfield>
    <subfield code="4">0</subfield>
    <subfield code="7">0</subfield>
    <subfield code="a">HIMR</subfield>
    <subfield code="b">HIMR</subfield>
    <subfield code="d">2019-12-17</subfield>
    <subfield code="e">Forward Books</subfield>
    <subfield code="g">595.00</subfield>
    <subfield code="i">11147</subfield>
    <subfield code="l">0</subfield>
    <subfield code="o">658.018 KUM B19079</subfield>
    <subfield code="p">HIMR-BK-19079</subfield>
    <subfield code="r">2023-01-25 00:00:00</subfield>
    <subfield code="v">428.40</subfield>
    <subfield code="w">2019-12-10</subfield>
    <subfield code="y">BK</subfield>
    <subfield code="z">B19079</subfield>
  </datafield>
</record>
